[Event "Helmond Rapid op"]
[Site "Helmond"]
[Date "2023.06.10"]
[Round "3"]
[White "Albers, Sasa"]
[Black "Warmerdam, Max"]
[Result "0-1"]
[WhiteElo "2133"]
[BlackElo "2602"]
[PlyCount "92"]
[EventDate "2023.06.10"]
[EventType "swiss (rapid)"]
[EventRounds "9"]
[EventCountry "NED"]
[SourceTitle "CBM 214 Extra"]
[Source "ChessBase"]
[SourceDate "2023.07.31"]
[SourceVersion "1"]
[SourceVersionDate "2023.07.31"]
[SourceQuality "1"]

1. e4 c5 2. Nf3 d6 3. d4 cxd4 4. Nxd4 Nf6 5. Nc3 Nc6 6. Bg5 e6 7. Qd2 a6 8. 0-0-0 Bd7 9. f4 Be7 10. Nf3 b5 11. Bxf6 gxf6 12. Kb1 h5 13. f5 Qa5 14. g3 Rc8 15. fxe6 fxe6 16. Bh3 Ne5 17. Nxe5 fxe5 18. Rhf1 Qb6 19. Ne2 Qc6 20. Nc1 b4 21. Nd3 a5 22. Qf2 Rh7 23. Qe2 Qb5 24. Qd2 Rc4 25. Rfe1 a4 26. Bf1 Rd4 27. Qe3 Qb6 28. Nf2 Rxd1+ 29. Nxd1 Qxe3 30. Nxe3 Bc6 31. Nc4 h4 32. Bg2 Kd7 33. Bf3 Rf7 34. Bg4 Rf2 35. Rd1 Bxe4 36. Nxe5+ Kc7 37. Nd3 Rxh2 38. gxh4 b3 39. axb3 axb3 40. cxb3 e5 41. Ka2 Rxh4 42. Be6 Rh6 43. Bg4 d5 44. b4 Bd6 45. Nc5 Bxc5 46. bxc5 Bc2 0-1

[Event "Helmond Rapid op"]
[Site "Helmond"]
[Date "2023.06.10"]
[Round "2"]
[White "Petrik, Matus"]
[Black "Albers, Sasa"]
[Result "0-1"]
[WhiteElo "1690"]
[BlackElo "2133"]
[PlyCount "34"]
[EventDate "2023.06.10"]
[EventType "swiss (rapid)"]
[EventRounds "9"]
[EventCountry "NED"]
[SourceTitle "CBM 214 Extra"]
[Source "ChessBase"]
[SourceDate "2023.07.31"]
[SourceVersion "1"]
[SourceVersionDate "2023.07.31"]
[SourceQuality "1"]

1. e4 c6 2. Nc3 d5 3. Qf3 dxe4 4. Nxe4 Nd7 5. Bc4 Ne5 6. Qe2 Nxc4 7. Qxc4 Qd5 8. Qe2 Nf6 9. Nxf6+ gxf6 10. Qf3 Rg8 11. Qxd5 cxd5 12. g3 Bf5 13. d3 Rc8 14. Ne2 e5 15. Nc3 d4 16. Nd5 Bg7 17. Kd1 Bg4+ 0-1

[Event "Groningen op 58th"]
[Site "Groningen"]
[Date "2022.12.21"]
[Round "1"]
[White "Albers, Sasa"]
[Black "Grutter, Tim"]
[Result "1/2-1/2"]
[WhiteElo "2103"]
[BlackElo "2363"]
[PlyCount "60"]
[EventDate "2022.12.21"]
[EventType "swiss"]
[EventRounds "9"]
[EventCountry "NED"]
[SourceTitle "CBM 211 Extra"]
[Source "ChessBase"]
[SourceDate "2023.01.31"]
[SourceVersion "1"]
[SourceVersionDate "2023.01.31"]
[SourceQuality "1"]

1. e4 c5 2. Nf3 e6 3. c3 d5 4. exd5 Qxd5 5. d4 Nf6 6. Na3 Nc6 7. Be2 cxd4 8. Nb5 Qd8 9. Nbxd4 Bd7 10. 0-0 Qc7 11. Nb5 Qb8 12. c4 Be7 13. Be3 0-0 14. a3 e5 15. h3 Bf5 16. Qa4 Ne4 17. Rac1 Bc5 18. Nc3 Bxe3 19. fxe3 Nxc3 20. Rxc3 e4 21. Nd4 Bd7 22. Qc2 Qe5 23. Nxc6 Bxc6 24. b4 Bd7 25. c5 Bxh3 26. gxh3 Qg3+ 27. Kh1 Qxh3+ 28. Kg1 Qg3+ 29. Kh1 Qh3+ 30. Kg1 Qg3+ 1/2-1/2

[Event "EU-ch U18 30th"]
[Site "Antalya"]
[Date "2022.11.11"]
[Round "6"]
[White "Albers, Sasa"]
[Black "Frank, Adam"]
[Result "0-1"]
[WhiteElo "2117"]
[BlackElo "2292"]
[PlyCount "61"]
[EventDate "2022.11.06"]
[EventType "swiss"]
[EventRounds "9"]
[EventCountry "TUR"]
[SourceTitle "EXT 2024"]
[Source "ChessBase"]
[SourceDate "2023.10.10"]
[SourceVersion "1"]
[SourceVersionDate "2023.10.10"]
[SourceQuality "1"]

1. e4 c5 2. Nf3 d6 3. d4 cxd4 4. Nxd4 Nf6 5. Nc3 a6 6. Be3 e5 7. Nb3 Be7 8. f3 Be6 9. Qd2 h5 10. 0-0-0 Nbd7 11. Kb1 Rc8 12. g3 b5 13. Nd5 Nxd5 14. exd5 Bf5 15. Bd3 Bxd3 16. Qxd3 0-0 17. Rhg1 Bg5 18. Bxg5 Qxg5 19. Na5 Rfe8 20. Rge1 f5 21. Qa3 Nc5 22. Nb3 Qe7 23. Nxc5 Rxc5 24. Qxa6 b4 25. Qa4 Rb8 26. f4 e4 27. Rd4 Qb7 28. Qb3 Rb5 29. h3 Qa7 30. Red1 Kh7 31. g4 0-1

[Event "Hilversum op"]
[Site "Hilversum"]
[Date "2022.06.19"]
[Round "6"]
[White "Wagenvoorde, Guido"]
[Black "Albers, Sasa"]
[Result "0-1"]
[WhiteElo "2090"]
[BlackElo "2199"]
[PlyCount "88"]
[EventDate "2022.06.17"]
[EventType "swiss"]
[EventRounds "6"]
[EventCountry "NED"]
[SourceTitle "CBM 208 Extra"]
[Source "ChessBase"]
[SourceDate "2022.07.31"]
[SourceVersion "1"]
[SourceVersionDate "2022.07.31"]
[SourceQuality "1"]

1. d4 Nf6 2. c4 e6 3. Nf3 b6 4. g3 Bb7 5. Bg2 Be7 6. 0-0 0-0 7. d5 exd5 8. Nh4 c6 9. cxd5 Nxd5 10. Nf5 Nc7 11. e4 d5 12. exd5 cxd5 13. Qg4 Bf6 14. Nc3 Nc6 15. Rd1 Ne7 16. Bf4 Nxf5 17. Qxf5 Qc8 18. Qh5 Bxc3 19. bxc3 Ne6 20. Be5 Rd8 21. Bh3 d4 22. Rd3 Qc6 23. f3 Rd5 24. cxd4 f6 25. Qg4 Ng5 26. Bf4 Rxd4 27. Rc1 Nxh3+ 28. Qxh3 Qd5 29. Re3 Rd1+ 30. Rxd1 Qxd1+ 31. Kf2 Qc2+ 32. Re2 Qc5+ 33. Kg2 Bd5 34. Qd7 Bf7 35. Rd2 Qc4 36. a4 Re8 37. Qxa7 g5 38. Bc7 Re2+ 39. Rxe2 Qxe2+ 40. Kg1 Qe3+ 41. Kg2 Bd5 42. Qb8+ Kg7 43. Bf4 Qxf3+ 44. Kh3 Qh5# 0-1

[Event "Eindhoven WLC op 12th"]
[Site "Eindhoven"]
[Date "2022.05.15"]
[Round "6"]
[White "Boeren, Jurriaan"]
[Black "Albers, Sasa"]
[Result "0-1"]
[WhiteElo "1778"]
[BlackElo "2117"]
[PlyCount "50"]
[EventDate "2022.05.13"]
[EventType "swiss"]
[EventRounds "6"]
[EventCountry "NED"]
[SourceTitle "CBM 208 Extra"]
[Source "ChessBase"]
[SourceDate "2022.07.31"]
[SourceVersion "1"]
[SourceVersionDate "2022.07.31"]
[SourceQuality "1"]

1. e4 Nc6 2. Nf3 e6 3. d4 d5 4. e5 Nge7 5. c3 f6 6. Bd3 fxe5 7. dxe5 Qd7 8. 0-0 g6 9. Re1 Bg7 10. Bg5 Nf5 11. Qd2 Qf7 12. h4 Bd7 13. b4 h6 14. Bf4 0-0-0 15. a4 Nce7 16. Bh2 g5 17. hxg5 hxg5 18. Nxg5 Qh5 19. Nh3 Rdg8 20. Qe2 Qh4 21. Nd2 Bh6 22. Kh1 Bxd2 23. Qxd2 Rxg2 24. Bxf5 Nxf5 25. Qd3 Rxh2+ 0-1

[Event "Eindhoven WLC op 12th"]
[Site "Eindhoven"]
[Date "2022.05.14"]
[Round "2"]
[White "Grooten, Herman"]
[Black "Albers, Sasa"]
[Result "1-0"]
[WhiteElo "2286"]
[BlackElo "2117"]
[PlyCount "83"]
[EventDate "2022.05.13"]
[EventType "swiss"]
[EventRounds "6"]
[EventCountry "NED"]
[SourceTitle "CBM 208 Extra"]
[Source "ChessBase"]
[SourceDate "2022.07.31"]
[SourceVersion "1"]
[SourceVersionDate "2022.07.31"]
[SourceQuality "1"]

1. d4 Nf6 2. c4 e6 3. Nf3 Bb4+ 4. Nbd2 0-0 5. a3 Be7 6. g3 b6 7. Bg2 Bb7 8. Qc2 d5 9. cxd5 exd5 10. b4 Nbd7 11. Rb1 a6 12. 0-0 Bd6 13. Nh4 g6 14. f3 Be7 15. Bh3 Ne8 16. Ng2 Ndf6 17. Bb2 Bc8 18. Bxc8 Rxc8 19. Qc6 Qd7 20. Rbc1 Nd6 21. Nf4 Rfd8 22. Rfe1 Nb5 23. Nb3 Qxc6 24. Rxc6 Rd6 25. Rc2 g5 26. Nd3 Re6 27. g4 Bd6 28. Bc1 h6 29. Kg2 Kg7 30. h3 Rce8 31. e3 Na7 32. Rce2 Nc6 33. Bb2 R6e7 34. e4 Re6 35. e5 Nh7 36. Rc2 Bf8 37. f4 Nb8 38. Rxc7 Rc6 39. Rc1 Ree6 40. f5 Rxc1 41. Nbxc1 Rc6 42. Rb7 1-0

[Event "Eindhoven WLC op 12th"]
[Site "Eindhoven"]
[Date "2022.05.14"]
[Round "4"]
[White "Klapwijk, Bram"]
[Black "Albers, Sasa"]
[Result "1-0"]
[WhiteElo "2245"]
[BlackElo "2117"]
[PlyCount "51"]
[EventDate "2022.05.13"]
[EventType "swiss"]
[EventRounds "6"]
[EventCountry "NED"]
[SourceTitle "CBM 208 Extra"]
[Source "ChessBase"]
[SourceDate "2022.07.31"]
[SourceVersion "1"]
[SourceVersionDate "2022.07.31"]
[SourceQuality "1"]

1. e4 c6 2. Bc4 d5 3. Bb3 dxe4 4. Qh5 g6 5. Qh4 Nf6 6. Nc3 Bg7 7. f3 exf3 8. Nxf3 Qd6 9. d4 Be6 10. Bf4 Qd7 11. 0-0-0 Bxb3 12. Ne5 Qd8 13. axb3 0-0 14. Rhf1 Nbd7 15. Rf3 Re8 16. Bh6 Qa5 17. Re1 Nf8 18. g4 g5 19. Qxg5 Ne6 20. Qe3 Nxd4 21. Bxg7 Nxf3 22. Qxf3 Kxg7 23. g5 Rg8 24. gxf6+ exf6 25. Qg4+ Kh8 26. Nxf7# 1-0

[Event "NED-ch U18"]
[Site "Almelo"]
[Date "2022.05.04"]
[Round "4"]
[White "Albers, Sasa"]
[Black "Pham, Khoi"]
[Result "1-0"]
[WhiteElo "2117"]
[BlackElo "2291"]
[PlyCount "85"]
[EventDate "2022.05.01"]
[EventType "swiss"]
[EventRounds "7"]
[EventCountry "NED"]
[SourceTitle "CBM 208 Extra"]
[Source "ChessBase"]
[SourceDate "2022.07.31"]
[SourceVersion "1"]
[SourceVersionDate "2022.07.31"]
[SourceQuality "1"]

1. e4 c5 2. Nf3 Nc6 3. Bb5 g6 4. 0-0 Bg7 5. c3 e5 6. Bxc6 dxc6 7. d3 Qe7 8. a4 a5 9. Na3 Nf6 10. Nc4 Nd7 11. Bg5 f6 12. Be3 0-0 13. Qb3 Rf7 14. Nfd2 Ra6 15. f4 Bh6 16. Rae1 b5 17. Na3 exf4 18. Bxf4 Bxf4 19. Rxf4 c4 20. dxc4 Nc5 21. Qc2 bxa4 22. Rff1 Rb6 23. Nf3 Qb7 24. Rf2 Re7 25. Nd4 f5 26. e5 Ne4 27. c5 Ra6 28. Rfe2 Rxe5 29. Qxa4 Rxc5 30. Nc4 Bd7 31. Qa2 Kh8 32. Nd2 Rd5 33. Nxe4 fxe4 34. Rxe4 c5 35. Nf3 Rf6 36. Qxa5 Rf8 37. c4 Rdf5 38. Qc3+ R8f6 39. Re7 Qc6 40. Qd2 Rxf3 41. gxf3 Qxf3 42. Rxd7 Qg4+ 43. Kh1 1-0

[Event "Arandjelovac ASK-2 IM"]
[Site "Arandjelovac"]
[Date "2021.10.29"]
[Round "9"]
[White "Albers, Sasa"]
[Black "Ilincic, Zlatko"]
[Result "1/2-1/2"]
[WhiteElo "2027"]
[BlackElo "2383"]
[PlyCount "119"]
[EventDate "2021.10.23"]
[EventType "tourn"]
[EventRounds "11"]
[EventCountry "SRB"]
[SourceTitle "CBM 205 Extra"]
[Source "ChessBase"]
[SourceDate "2022.01.31"]
[SourceVersion "1"]
[SourceVersionDate "2022.01.31"]
[SourceQuality "1"]

1. e4 e5 2. Nf3 Nf6 3. Nxe5 d6 4. Nf3 Nxe4 5. Nc3 Nf6 6. d4 d5 7. Bd3 Be7 8. 0-0 Nbd7 9. Re1 0-0 10. Bf4 c6 11. h3 Re8 12. a3 Nf8 13. Qd2 Ne6 14. Be5 Nd7 15. Bg3 Ndf8 16. b4 Bd6 17. Bxd6 Qxd6 18. Ne2 Bd7 19. c3 f6 20. Ng3 g6 21. c4 Nf4 22. Rxe8 Bxe8 23. Bf1 N8e6 24. c5 Qc7 25. a4 a5 26. b5 b6 27. Rc1 cxb5 28. axb5 bxc5 29. dxc5 Nxc5 30. Qd4 Nfe6 31. Qxd5 Rd8 32. Qa2 Kg7 33. Ne4 Qb6 34. Nxc5 Nxc5 35. Qa3 Rc8 36. Qe3 Bf7 37. Nd4 Re8 38. Nf5+ gxf5 39. Qxc5 Qxc5 40. Rxc5 a4 41. Rc7 Re1 42. b6 a3 43. b7 Rb1 44. Kh2 a2 45. Rxf7+ Kxf7 46. Bc4+ Kg6 47. Bxa2 Rxb7 48. f4 Rb4 49. Kg3 Kg7 50. Be6 Rb5 51. Kh4 Kh6 52. Kg3 Kg6 53. Kh4 Rc5 54. Kg3 Rc3+ 55. Kh4 Rd3 56. Bc8 Rd4 57. Kg3 h5 58. h4 Rd3+ 59. Kf2 Rd4 60. Kf3 1/2-1/2

[Event "Arandjelovac ASK-2 IM"]
[Site "Arandjelovac"]
[Date "2021.10.29"]
[Round "10"]
[White "Hari, Madhavan NB"]
[Black "Albers, Sasa"]
[Result "1/2-1/2"]
[WhiteElo "2253"]
[BlackElo "2027"]
[PlyCount "99"]
[EventDate "2021.10.23"]
[EventType "tourn"]
[EventRounds "11"]
[EventCountry "SRB"]
[SourceTitle "CBM 205 Extra"]
[Source "ChessBase"]
[SourceDate "2022.01.31"]
[SourceVersion "1"]
[SourceVersionDate "2022.01.31"]
[SourceQuality "1"]

1. d4 Nf6 2. Nf3 e6 3. c4 b6 4. g3 Bb7 5. Bg2 Be7 6. 0-0 0-0 7. Nc3 Ne4 8. Nxe4 Bxe4 9. Ne1 Bxg2 10. Nxg2 d6 11. e4 c5 12. d5 e5 13. Qd3 Nd7 14. f4 exf4 15. Bxf4 Re8 16. Rf2 Bf8 17. h4 Ne5 18. Bxe5 Rxe5 19. Raf1 Re7 20. e5 dxe5 21. d6 Rd7 22. Qd5 Qe8 23. Rxf7 Rxf7 24. Rxf7 Qxf7 25. Qxa8 Qxc4 26. Qxa7 Qd4+ 27. Kh2 Qxd6 28. Qb7 g6 29. a4 h5 30. Ne3 Qd2+ 31. Ng2 Qb4 32. b3 Bg7 33. Qd5+ Kh7 34. Qe6 b5 35. axb5 Qxb5 36. Qd5 Qb4 37. Qf7 Qc3 38. Qd5 Qd4 39. Qf7 Qd3 40. Qe6 Qf5 41. Qe7 Qf8 42. Qc7 e4 43. Nf4 e3 44. Ne6 Qf2+ 45. Kh1 Qf1+ 46. Kh2 Qe2+ 47. Kg1 Qd1+ 48. Kh2 Qc2+ 49. Kg1 Qb1+ 50. Kh2 1/2-1/2

[Event "Arandjelovac ASK-2 IM"]
[Site "Arandjelovac"]
[Date "2021.10.26"]
[Round "5"]
[White "Albers, Sasa"]
[Black "Deshmukh, Anup"]
[Result "0-1"]
[WhiteElo "2027"]
[BlackElo "2201"]
[PlyCount "108"]
[EventDate "2021.10.23"]
[EventType "tourn"]
[EventRounds "11"]
[EventCountry "SRB"]
[SourceTitle "CBM 205 Extra"]
[Source "ChessBase"]
[SourceDate "2022.01.31"]
[SourceVersion "1"]
[SourceVersionDate "2022.01.31"]
[SourceQuality "1"]

1. e4 d6 2. d4 g6 3. f4 Bg7 4. Nf3 Bg4 5. c3 Nd7 6. Bc4 e6 7. 0-0 Ne7 8. h3 Bxf3 9. Qxf3 0-0 10. Be3 d5 11. Bd3 dxe4 12. Bxe4 Nf5 13. Bf2 Nd6 14. Bd3 Rc8 15. b4 b6 16. Ba6 Rb8 17. b5 g5 18. g3 gxf4 19. gxf4 Qf6 20. Nd2 Kh8 21. Kh2 Qf5 22. Rg1 Bh6 23. Rg4 Qc2 24. Rg2 Rg8 25. Bg3 Qf5 26. Re1 Rxg3 27. Kxg3 Bxf4+ 28. Qxf4 Rg8+ 29. Kf3 Qxf4+ 30. Kxf4 Rxg2 31. Nf3 Nf6 32. Ne5 Nd5+ 33. Kf3 Rxa2 34. c4 Ra3+ 35. Kg4 Ne3+ 36. Kh5 Nexc4 37. Nxc4 Nxc4 38. Rc1 Nd6 39. Rxc7 Rg3 40. Rd7 Nf5 41. Rxf7 h6 42. h4 Rg7 43. Rxg7 Kxg7 44. Bc8 Nxd4 45. Bd7 e5 46. Kg4 Kf6 47. Kh5 e4 48. Kxh6 e3 49. Bg4 e2 50. Bxe2 Nxe2 51. Kh7 Nf4 52. Kg8 Ne6 53. h5 Kg5 54. Kf7 Nd4 0-1

[Event "Arandjelovac ASK-2 IM"]
[Site "Arandjelovac"]
[Date "2021.10.25"]
[Round "3"]
[White "Ayush, Sharma"]
[Black "Albers, Sasa"]
[Result "1-0"]
[WhiteElo "2072"]
[BlackElo "2027"]
[PlyCount "113"]
[EventDate "2021.10.23"]
[EventType "tourn"]
[EventRounds "11"]
[EventCountry "SRB"]
[SourceTitle "CBM 205 Extra"]
[Source "ChessBase"]
[SourceDate "2022.01.31"]
[SourceVersion "1"]
[SourceVersionDate "2022.01.31"]
[SourceQuality "1"]

1. e4 c6 2. Nf3 d5 3. d3 dxe4 4. dxe4 Qxd1+ 5. Kxd1 a5 6. a4 f6 7. Nbd2 e5 8. Ne1 Be6 9. Bc4 Kf7 10. Nd3 Nd7 11. Ke2 Ne7 12. Rd1 Nc8 13. Bxe6+ Kxe6 14. Nc4 Ncb6 15. b3 Nxc4 16. bxc4 Nc5 17. f3 Nxd3 18. Rxd3 Bc5 19. Rb1 Ra7 20. Be3 Bxe3 21. Kxe3 Rc8 22. c5 Rc7 23. Rbd1 Ra8 24. Rd8 Rxd8 25. Rxd8 Ke7 26. Rb8 Ke6 27. c3 Ke7 28. Ke2 Ke6 29. Ra8 Kd7 30. Rh8 h6 31. Rb8 Ke6 32. h4 Re7 33. Rd8 Rc7 34. Ra8 Kd7 35. Rb8 Ke6 36. h5 Re7 37. Kd3 Rd7+ 38. Ke2 Rc7 39. Rd8 Rf7 40. Ke3 Re7 41. g3 Rc7 42. f4 exf4+ 43. gxf4 f5 44. Rd6+ Kf7 45. exf5 Re7+ 46. Kd3 Re1 47. Rd7+ Kf6 48. Rxb7 Ra1 49. Rc7 Rxa4 50. Rxc6+ Kxf5 51. Rd6 Ra1 52. Rd5+ Ke6 53. c6 Kxd5 54. c7 Rd1+ 55. Kc2 Rf1 56. c8Q Rxf4 57. Qa8+ 1-0

[Event "Novi Sad Put Svile IM Mix 6"]
[Site "Novi Sad"]
[Date "2021.08.11"]
[Round "6"]
[White "Velickovic, Sasa"]
[Black "Albers, Sasa"]
[Result "1/2-1/2"]
[WhiteElo "2258"]
[BlackElo "2053"]
[PlyCount "62"]
[EventDate "2021.08.08"]
[EventType "swiss"]
[EventRounds "9"]
[EventCountry "SRB"]
[SourceTitle "CBM 203 Extra"]
[Source "ChessBase"]
[SourceDate "2021.09.30"]
[SourceVersion "1"]
[SourceVersionDate "2021.09.30"]
[SourceQuality "1"]

1. e4 c6 2. d3 d5 3. Nd2 g6 4. Ngf3 Bg7 5. c3 e5 6. Be2 Ne7 7. 0-0 0-0 8. Re1 Qc7 9. d4 Nd7 10. Bf1 exd4 11. Nxd4 Nc5 12. Qf3 Bd7 13. N4b3 Nxe4 14. Nxe4 dxe4 15. Qxe4 Nd5 16. Qh4 Rfe8 17. Bg5 Rxe1 18. Rxe1 Re8 19. Rxe8+ Bxe8 20. c4 Nb6 21. Bf6 c5 22. Bxg7 Kxg7 23. Qe4 Ba4 24. Nc1 Bc6 25. Qe3 Nd7 26. Nd3 Qd6 27. g3 b6 28. Bg2 Bxg2 29. Kxg2 Qc6+ 30. Qf3 Qxf3+ 31. Kxf3 f5 1/2-1/2

[Event "Novi Sad Put Svile IM Mix 6"]
[Site "Novi Sad"]
[Date "2021.08.09"]
[Round "2"]
[White "Djuric, Stefan"]
[Black "Albers, Sasa"]
[Result "1-0"]
[WhiteElo "2321"]
[BlackElo "2053"]
[PlyCount "57"]
[EventDate "2021.08.08"]
[EventType "swiss"]
[EventRounds "9"]
[EventCountry "SRB"]
[SourceTitle "CBM 203 Extra"]
[Source "ChessBase"]
[SourceDate "2021.09.30"]
[SourceVersion "1"]
[SourceVersionDate "2021.09.30"]
[SourceQuality "1"]

1. c4 Nf6 2. Nc3 c5 3. Nf3 Nc6 4. e3 e6 5. d4 d5 6. a3 cxd4 7. exd4 Be7 8. Bd3 dxc4 9. Bxc4 0-0 10. 0-0 a6 11. Bd3 b5 12. Be3 Bb7 13. b4 Rc8 14. Rc1 Qd6 15. h3 Rfd8 16. Qe2 e5 17. Bf5 Ra8 18. dxe5 Nxe5 19. Nh4 Qb8 20. Bf4 Bd6 21. Bg5 Re8 22. Qc2 Ng6 23. Bxf6 gxf6 24. Nxg6 hxg6 25. Bxg6 fxg6 26. Qxg6+ Kh8 27. Qxf6+ Kg8 28. Qg6+ Kh8 29. Rfd1 1-0

[Event "Battle of Senta op 24th"]
[Site "Senta"]
[Date "2020.07.11"]
[Round "1"]
[White "Ernst, Sipke"]
[Black "Albers, Sasa"]
[Result "1-0"]
[WhiteElo "2540"]
[BlackElo "2120"]
[PlyCount "117"]
[EventDate "2020.07.11"]
[EventType "swiss"]
[EventRounds "9"]
[EventCountry "SRB"]
[SourceTitle "CBM 197 Extra"]
[Source "ChessBase"]
[SourceDate "2020.09.30"]
[SourceVersion "1"]
[SourceVersionDate "2020.09.30"]
[SourceQuality "1"]

1. d4 Nf6 2. c4 e6 3. Nf3 b6 4. g3 Bb7 5. Bg2 Be7 6. 0-0 0-0 7. Nc3 Ne4 8. Bd2 d5 9. cxd5 exd5 10. Rc1 Na6 11. Qc2 Nxd2 12. Qxd2 Re8 13. Rfd1 Bd6 14. Nb5 Bb4 15. Qc2 c6 16. Nc3 Nc7 17. a3 Bxc3 18. Qxc3 Nb5 19. Qc2 f6 20. e3 Nd6 21. Nd2 Qe7 22. Qa4 Qf7 23. Rc3 Qh5 24. Rdc1 Qe2 25. Qc2 Qg4 26. h3 Qf5 27. Qa4 h5 28. Qd1 Re7 29. a4 Rae8 30. Qf1 g5 31. Qd1 h4 32. g4 Qd7 33. Bf3 f5 34. gxf5 Qxf5 35. Bg4 Qf6 36. Qf3 Rf8 37. Qxf6 Rxf6 38. Nf3 Ne4 39. R3c2 c5 40. b3 c4 41. bxc4 dxc4 42. Ne5 c3 43. Be2 Bd5 44. Bd3 Nd2 45. Rxc3 Be6 46. Rc6 Nf3+ 47. Nxf3 Rxf3 48. Rxe6 Rxe6 49. Bc4 Kf7 50. Bd5 Rf5 51. Rc7+ Kf6 52. Bxe6 Kxe6 53. Rxa7 Kd5 54. Rc7 Rf8 55. a5 bxa5 56. Rc5+ Ke4 57. Rxa5 Rg8 58. Kg2 g4 59. Re5+ 1-0

[Event "Paracin Summer op"]
[Site "Paracin"]
[Date "2020.07.09"]
[Round "9"]
[White "Milovanovic, Srboljub"]
[Black "Albers, Sasa"]
[Result "1-0"]
[WhiteElo "2043"]
[BlackElo "2120"]
[PlyCount "45"]
[EventDate "2020.07.03"]
[EventType "swiss"]
[EventRounds "9"]
[EventCountry "SRB"]
[SourceTitle "CBM 197 Extra"]
[Source "ChessBase"]
[SourceDate "2020.09.30"]
[SourceVersion "1"]
[SourceVersionDate "2020.09.30"]
[SourceQuality "1"]

1. d4 Nf6 2. c4 e6 3. Nc3 Bb4 4. e3 b6 5. Qb3 c5 6. a3 Ba5 7. Bd3 0-0 8. Nge2 d6 9. 0-0 Bxc3 10. Qxc3 Bb7 11. f3 Nc6 12. b4 cxd4 13. exd4 h6 14. Rd1 Rc8 15. Be3 b5 16. cxb5 Ne5 17. Qd2 Nxd3 18. Qxd3 Nd5 19. Bd2 Qb6 20. a4 a6 21. bxa6 Nxb4 22. a5 Qxa6 23. Bxb4 1-0

[Event "Paracin Summer op"]
[Site "Paracin"]
[Date "2020.07.04"]
[Round "2"]
[White "Albers, Sasa"]
[Black "Ratkovic, Miloje"]
[Result "0-1"]
[WhiteElo "2120"]
[BlackElo "2456"]
[PlyCount "74"]
[EventDate "2020.07.03"]
[EventType "swiss"]
[EventRounds "9"]
[EventCountry "SRB"]
[SourceTitle "CBM 197 Extra"]
[Source "ChessBase"]
[SourceDate "2020.09.30"]
[SourceVersion "1"]
[SourceVersionDate "2020.09.30"]
[SourceQuality "1"]

1. e4 c6 2. Nc3 d5 3. Nf3 a6 4. d4 Bg4 5. h3 Bh5 6. Bd3 e6 7. 0-0 Nf6 8. Bg5 Be7 9. e5 Nfd7 10. Bxe7 Qxe7 11. g4 Bg6 12. Ne2 c5 13. c3 Nc6 14. a3 0-0 15. Ng3 Rad8 16. Qe2 cxd4 17. cxd4 Bxd3 18. Qxd3 f6 19. exf6 Qxf6 20. Kg2 e5 21. dxe5 Ndxe5 22. Nxe5 Nxe5 23. Qb3 Ng6 24. Rad1 Kh8 25. Nh5 Nh4+ 26. Kh1 Qf3+ 27. Qxf3 Rxf3 28. Ng3 d4 29. Rd2 Rb3 30. Rfd1 d3 31. f4 Nf3 32. Rf2 d2 33. Nf1 Kg8 34. Kg2 Nh4+ 35. Kg1 Rxb2 36. Rdxd2 Rbxd2 37. Nxd2 Rxd2 0-1